00804nam a2200289Ia 4500008004100000020001600041100002000057245002400077245005200101260001500153260002000168260000900188300001600197300002100213300001000234500008000244650002900324650002900353650002600382650001400408650001400422650001300436650001300449650002200462650002200484700000800506160803s9999 xx 000 0 und d a0 439799139 aCleary, Beverly aTwo times the fun / cBeverly Cleary ; illustrated by Carol Thompson. aNew York : bScholastic Inc. c2005 a92 pages :  billustrations ;  c21 cm aReprint: Originally published: New York : HarperCollins Publishers, ©2005. aBrothers and sisters --  aBrothers and sisters --  aBrothers and sisters. aTwins --  aTwins --  xFiction. xFiction. xJuvenile fiction. xJuvenile fiction. a550